| 000 | 00441 a2200157 4500 | ||
|---|---|---|---|
| 999 |
_c4060 _d4060 |
||
| 020 | _a9781907320200 | ||
| 050 | _aPR9369.4 JEN 2012 | ||
| 100 |
_aJennings, Karen _eauthor |
||
| 245 |
_aFinding Soutbek/ _cKaren Jennings |
||
| 264 |
_aLondon _bHolland Park Press _c2012 |
||
| 300 | _a173p. : | ||
| 500 | _aIncludes bibliographical references | ||
| 650 | _aSouth Africa -- Fiction | ||
| 651 | _aSouth Africa | ||
| 942 |
_2lcc _cBK _h9369.4 _iJEN _kPR |
||